Ο Χέγκελ και η τέχνη
Αποθηκεύτηκε σε:
| Κύριος συγγραφέας: | |
|---|---|
| Άλλοι συγγραφείς: | , |
| Μορφή: | Βιβλίο |
| Γλώσσα: | Greek French |
| Δημοσίευση: |
[Αθήνα] :
Πατάκης,
2000.
|
| Σειρά: | Φιλοσοφία - Αναγνώσεις
|
| Θέματα: | |
| Ετικέτες: |
Προσθήκη ετικέτας
Δεν υπάρχουν, Καταχωρήστε ετικέτα πρώτοι!
|
MARC
| LEADER | 00000cam a2200000 i 4500 | ||
|---|---|---|---|
| 001 | 1/82187 | ||
| 008 | 050722s2000 gr | ||| |||| ||gre|| | ||
| 020 | |z 9603604508 | ||
| 035 | |l 10079459 | ||
| 040 | |a GR-MY-UA |b gre |e aacr | ||
| 041 | 1 | |a gre |h fre | |
| 082 | 7 | |a 700.1 |2 (22) | |
| 100 | 1 | |a Bras, Gerard. | |
| 245 | 1 | 2 | |a Ο Χέγκελ και η τέχνη / |c Ζεράρ Μπρα ; μετάφραση: Στρατής Πασχάλης ; επιμέλεια: Γεράσιμος Βώκος. |
| 260 | |a [Αθήνα] : |b Πατάκης, |c 2000. | ||
| 300 | |a 133 σ. ; |c 18 εκ. | ||
| 490 | 1 | |a (Φιλοσοφία / Αναγνώσεις ; |v 9) | |
| 500 | |a Με: Το έργο της τέχνης / Michel Haar | ||
| 500 | |a Τίτλος πρωτοτύπου: Hegel et l'art. | ||
| 600 | 1 | 0 | |a Hegel, Georg Wilhelm Friedrich, |d 1770-1831. |
| 650 | 0 | 0 | |a Art |x Philosophy. |
| 650 | 0 | 0 | |a Aesthetics, Modern |y 19th century. |
| 700 | 1 | |a Πασχάλης, Στρατής, |d 1958- |e trl | |
| 700 | 1 | |a Βώκος, Γεράσιμος, |d 1869-1927, |e edt | |
| 830 | 0 | |a Φιλοσοφία - Αναγνώσεις | |
| 852 | |a INST |b RHODES |c KRI |e 20050722 |h 700.1 HAA |p 005400028412 |q 005400028412 |t BK |y 0 | ||
| 901 | |a BIBL4-2005-2 | ||
| 909 | |a Ρ |b 121986 | ||
| 970 | |a ΚΟΖΑ |b ΜΑΡΙΑ |z 2005/07/22 | ||